images (140×140)   Dow University of Health Sciences Library Catalogue

Welcome to Dow University of Health Sciences Library Online Public Access Catalog

Outlines of biochemistry / (Record no. 29657)

MARC details
000 -LEADER
fixed length control field 00509nam a2200169Ia 4500
008 - FIXED-LENGTH DATA ELEMENTS--GENERAL INFORMATION
fixed length control field 250806s9999||||xx |||||||||||||| ||und||
020 ## - INTERNATIONAL STANDARD BOOK NUMBER
International Standard Book Number 9780471052883;0471052884
060 ## - NATIONAL LIBRARY OF MEDICINE CALL NUMBER
Classification number QU 4
Item number .C66 1987
100 ## - MAIN ENTRY--PERSONAL NAME
Personal name Conn, Eric E.
245 #0 - TITLE STATEMENT
Title Outlines of biochemistry /
Statement of responsibility, etc. Eric E. Conn ... [et al.].
250 ## - EDITION STATEMENT
Edition statement 5th ed.
260 ## - PUBLICATION, DISTRIBUTION, ETC.
Place of publication, distribution, etc. Islamabad :
Name of publisher, distributor, etc. National Book Foundation,
Date of publication, distribution, etc. c1987.
300 ## - PHYSICAL DESCRIPTION
Extent ix, 693 p. :
Other physical details ill.
504 ## - BIBLIOGRAPHY, ETC. NOTE
Bibliography, etc. note Includes bibliographies and index.
650 ## - SUBJECT ADDED ENTRY--TOPICAL TERM
Topical term or geographic name entry element Biochemistry
942 ## - ADDED ENTRY ELEMENTS (KOHA)
-- DIMC
Koha item type Books

No items available.




©2026, All rights reserved. Dow University of Health Sciences, Karachi, Pakistan.